| 000 | 00540nam a22001817a 4500 | ||
|---|---|---|---|
| 003 | 0 | ||
| 005 | 20231128093631.0 | ||
| 008 | 231128b xxu||||| |||| 00| 0 eng d | ||
| 020 | _a978-0-7460-6047-6 | ||
| 050 |
_aTR _bRun939 2019 |
||
| 082 |
_aTR _bRun939 2019 |
||
| 100 | _aHeather, Amery | ||
| 245 |
_aThe runaway tractor _cHeather Amery |
||
| 260 |
_aLondon _bUsborne Publishing, Inc. _cc2019. |
||
| 300 |
_aunnumbered pages : _bcolored illustrations ; _c22 cm. |
||
| 650 | _aChildren's stories--study and teaching. | ||
| 942 |
_2ddc _cBK |
||
| 999 |
_c365676 _d365676 |
||